000 00713cam a2200217 i 4500
005 20251112105114.0
008 250721s2008 ua gr 000 0 ara d
082 1 4 _a189
_bغ ز ا
100 1 _aغزالي، محمد
_eمؤلف.
245 1 0 _aركائز الإيمان :
_bبين العقل والقلب /
_cمحمد الغزالي.
250 _aالطبعة الرابعة.
264 3 1 _aالقاهرة :
_bدار الشروق،
_c2008.
300 _a275 صفحة.
650 1 7 _aالإيمان.
650 1 7 _aأركان الإيمان.
650 1 7 _aالعقل.
650 1 7 _aو القلب.
650 1 7 _aالفلسفةالإسلامية.
942 _2ddc
_cBK
999 _c79458
_d79458